An investigation into rhetorical devices used in stevejob'keynotes at apple's events

Đã lưu trong:
Chi tiết về thư mục
Tác giả chính: Lê Hoàng Uyên Khê
Định dạng: Sách
Ngôn ngữ:English
Được phát hành: 2015
Những chủ đề:
Các nhãn: Thêm thẻ
Không có thẻ, Là người đầu tiên thẻ bản ghi này!
Thư viện lưu trữ: Mạng thư viện Đại học Đà Nẵng
LEADER 01205nam a22003251a 4500
001 000035592
003 11879
005 20160302000000.0
008 160302s2015 000 eng
041 |a eng 
082 |a 420.4  |b LÊ-K 
100 |a Lê Hoàng Uyên Khê 
245 |a An investigation into rhetorical devices used in stevejob'keynotes at apple's events  |c Lê Hoàng Uyên Khê 
260 |c 2015 
300 |a 56tr . : mh ; 30cm 
650 |a Lê Hoàng Uyên Khê, An investigation into rhetorical devices used in stevejob'keynotes at apple's events, rhetorical devices , 
852 |b Chuyên đề  |c Luận văn sinh viên 1 
OWN |a LNN 
AVA |a UDN50  |b LNN  |c English  |d 420.4 LÊ-K  |e available  |t Error 5001 Not defined in file expand_doc_bib_avail.  |f 1  |g 0  |h N  |i 0  |j AN  |k 1 
999 |a From the UDN01 
AVA |a UDN50  |b LNN  |c English  |d 420.4 LÊ-K  |e available  |t Error 5001 Not defined in file expand_doc_bib_avail.  |f 1  |g 0  |h N  |i 0  |j AN  |k 1 
TYP |a Monograph 
TYP |a Printed language 
980 |a Mạng thư viện Đại học Đà Nẵng